000 00742cam a2200169 i 4500
005 20230307153022.0
008 230307b |||||||| |||| 00| 0 eng d
020 _a9781611804584
_q(hardback)
082 0 0 _a294.3 GYA
100 0 _aGyaltsap, Shechen:
_eauthor.
245 1 2 _aA chariot to freedom :
_bguidance from the great masters on the Vajrayāna preliminary practices /
_cShechen Gyaltsap Gyurme Pema Namgyal ; translated by the Padmakara Translation Group.
264 1 _aBoulder :
_bShambhala,
_c2021
300 _axxviii, 724 pages :
_billustrations ;
_c24 cm
504 _aIncludes bibliographical references (pages 673-688) and index.
942 _2ddc
_cMAIN
999 _c9412
_d9413